El recurso de Apelación en el nuevo proceso penal y su incidencia en las resoluciones emitidas en el Juzgado de Paz de Nueva San Salvador en el periodo de Enero a Junio del 2003. (Registro nro. 10345)

Detalles MARC
000 -LEADER
fixed length control field 00754nam a2200193Ia 4500
005 - FECHA Y HORA DE LA ÚLTIMA TRANSACCIÓN
control field 20240115093045.0
008 - FIXED-LENGTH DATA ELEMENTS--GENERAL INFORMATION
fixed length control field 240113s9999 xx 000 0 und d
040 ## - CATALOGING SOURCE
Original cataloging agency UPAN
Transcribing agency Biblioteca San Vicente
Description conventions RCAA2
041 ## - LANGUAGE CODE
Language code of text/sound track or separate title spa
082 ## - DEWEY DECIMAL CLASSIFICATION NUMBER
Classification number 345.05
Item number Alf
año de publicación 2003
100 ## - MAIN ENTRY--PERSONAL NAME
Personal name Alfaro Cañas, Fátima Mesalia
Relator code aut.
245 #0 - TITLE STATEMENT
Title El recurso de Apelación en el nuevo proceso penal y su incidencia en las resoluciones emitidas en el Juzgado de Paz de Nueva San Salvador en el periodo de Enero a Junio del 2003.
260 ## - PUBLICATION, DISTRIBUTION, ETC. (IMPRINT)
Place of publication, distribution, etc San Salvador:
Name of publisher, distributor, etc Universidad Panamericana,
Date of publication, distribution, etc 2003
300 ## - PHYSICAL DESCRIPTION
Extent 130 p.;
Dimensions 28 cm.
650 ## - SUBJECT ADDED ENTRY--TOPICAL TERM
Source of heading or term LEMB
Topical term or geographic name as entry element Recurso de apelación
700 ## - ADDED ENTRY--PERSONAL NAME
Personal name Tobar de Lemus, Dina
Relator code aut.
700 ## - ADDED ENTRY--PERSONAL NAME
Personal name Landaverde, Carlos Alberto
Relator code aut.
942 ## - ADDED ENTRY ELEMENTS (KOHA)
Koha item type Libros
Source of classification or shelving scheme Dewey Decimal Classification
Existencias
Withdrawn status Lost status Source of classification or shelving scheme Damaged status Not for loan Collection code Home library Current library Date acquired Total Checkouts Full call number Barcode Date last seen Copy number Price effective from Koha item type
    Dewey Decimal Classification     Tesario Biblioteca UPAN San Vicente Biblioteca UPAN San Vicente 13/01/2024   345.05 Alf 12100131 13/01/2024 01 13/01/2024 Trabajos de Grado